Insaf di surau

Bibliographic Details
Main Author: Amer Haji Matsom
Format: Book
Published: Selangor : Sama Pub & Dist , 2008
Series:Siri positif dan negatif 2
Subjects:

MARC

LEADER 00000cam a2200000 7i4500
001 0000032982
005 20151222.0
008 120712
020 |a 9831352007 (Set) 
020 |a 9831352021 
090 0 0 |a JP   |b PR MAL 
100 0 |a Amer Haji Matsom 
245 1 0 |a Insaf di surau   |c Amer Haji Matsom 
260 |a Selangor :   |b Sama Pub & Dist ,   |c 2008 
440 |a Siri positif dan negatif 2 
500 |a Children ages 7-9 years old (orange) 
650 0 |a Didactic fiction, Malay 
650 0 |a Malay fiction 
999 |a 0001137534   |b Book   |c Children Collection   |e Cawangan Bandar Penawar 
999 |a 0001137535   |b Book   |c Children Collection   |e Perbadanan Perpustakaan Awam Johor 
999 |a 0001137536   |b Book   |c Children Collection   |e Perbadanan Perpustakaan Awam Johor 
999 |a 0001137537   |b Book   |c Children Collection   |e Cawangan Pontian 
999 |a 0001137538   |b Book   |c Children Collection   |e Cawangan Tangkak